KOHA-Header-6

A Primer Of Discrete Mathematics (Record no. 6537)

000 -LEADER
fixed length control field 00267nam a2200109Ia 4500
100 ## - MAIN ENTRY--AUTHOR NAME
Personal name Daniel
245 #2 - TITLE STATEMENT
Title A Primer Of Discrete Mathematics
260 ## - PUBLICATION, DISTRIBUTION, ETC. (IMPRINT)
Place of publication New york
Name of publisher Addision-Wesley
Year of publication 1987
300 ## - PHYSICAL DESCRIPTION
Number of Pages 363
942 ## - ADDED ENTRY ELEMENTS (KOHA)
Koha item type Books
Holdings
Withdrawn status Lost status Collection code Permanent Location Current Location Shelving location Date acquired Full call number Accession Number Koha item type
    Mathematics MAJU MAJU Shelf No.A26 2019-09-07 665.44 1445 Mathematics

Powered by Koha